Postavenie Islandu v medzinárodnom obchode bakalárska práca

Gespeichert in:
Bibliographische Detailangaben
1. Verfasser: Kostolanská, Emma
Körperschaft: Fakulta medzinárodných vzťahov EU. Katedra medzinárodných ekonomických vzťahov a hospodárskej diplomacie
Weitere Verfasser: Grančay, Martin, 1984-2024
Format: Buch
Sprache:Slowakisch
Veröffentlicht: Bratislava 2014
Tags: Tag hinzufügen
Keine Tags, Fügen Sie das erste Tag hinzu!

MARC

LEADER 00000nbm a2200000 4500
001 0187686
005 20170201090704.7
041 0 |a slo 
044 |a SK 
245 1 0 |a Postavenie Islandu v medzinárodnom obchode  |b bakalárska práca  |c Emma Kostolanská ; školiteľ: Martin Grančay 
264 1 |a Bratislava  |c 2014 
300 |a 51 s. 
100 1 |a Kostolanská, Emma 
700 1 |a Grančay, Martin, 1984-2024 
710 2 |a Fakulta medzinárodných vzťahov EU. Katedra medzinárodných ekonomických vzťahov a hospodárskej diplomacie